Groupes de choses : Royaume-Uni - Statistiques

Statistiques générales
  • Ce quiz a été pris 709 fois
    378 depuis la dernière actualisation
  • Le résultat moyen est 25 sur 39
Statistiques - réponses
Hint Réponse % Correct
Capitales Londres
99%
Nations constitutives Écosse
98%
Nations constitutives Angleterre
97%
Dépendances de la Couronne britannique Île de {Man}
96%
Nations constitutives Irlande du Nord
95%
Mers et Océans bordant le Royaume-Uni Manche
95%
Nations constitutives Pays de Galles
95%
Universités les plus prestigieuses Oxford
93%
Mers et Océans bordant le Royaume-Uni Atlantique
89%
Capitales Édimbourg
89%
Mers et Océans bordant le Royaume-Uni Mer du Nord
87%
Enfants de la reine Elisabeth II Charles
83%
Clubs de football ayant remporté la Ligue des Champions Liverpool
81%
Clubs de football ayant remporté la Ligue des Champions Manchester United
81%
Universités les plus prestigieuses Cambridge
80%
Membres des Beatles John Lennon
79%
Capitales Cardiff
75%
Clubs de football ayant remporté la Ligue des Champions Manchester City
75%
Clubs de football ayant remporté la Ligue des Champions Chelsea
74%
Capitales Belfast
71%
Membres des Beatles Paul McCartney
67%
Acteurs ayant interprété James Bond Daniel Craig
62%
Acteurs ayant interprété James Bond Sean Connery
56%
Membres des Beatles Ringo Starr
48%
Dépendances de la Couronne britannique Jersey
46%
Clubs de football ayant remporté la Ligue des Champions Nottingham Forest
44%
Clubs de football ayant remporté la Ligue des Champions Aston Villa
40%
Principaux partis politiques Conservateur
40%
Membres des Beatles George Harrison
40%
Acteurs ayant interprété James Bond Pierce Brosnan
38%
Principaux partis politiques Travailliste
37%
Dépendances de la Couronne britannique Guernesey
36%
Enfants de la reine Elisabeth II Anne
32%
Enfants de la reine Elisabeth II Andrew
31%
Acteurs ayant interprété James Bond Roger Moore
28%
Clubs de football ayant remporté la Ligue des Champions Celtic FC
24%
Enfants de la reine Elisabeth II Edward
23%
Acteurs ayant interprété James Bond Timothy Dalton
21%
Acteurs ayant interprété James Bond George Lazenby
10%
Aucun quiz correspondant
Distribution des résultats
% des personnes avec chaque résultat
Percentile par nombre de réponses
Votre historique - résultats
Vous n’avez pas pris ce quiz depuis la dernière actualisation